[Event "4th London Classic Open"]
[Site "London ENG"]
[Date "2012.12.04"]
[Round "4"]
[White "Nettleton,Charlie B"]
[Black "Eriksson,B1"]
[Result "1/2-1/2"]
[WhiteElo "1845"]
[BlackElo "2154"]

1.d4 d5 2.c4 Nc6 3.Nc3 dxc4 4.d5 Ne5 5.Qd4 Ng6 6.e4 e6 7.Bxc4 exd5 8.Bxd5 Qf6
9.Nf3 Qxd4 10.Nxd4 a6 11.Be3 Nf6 12.a3 Be7 13.Nb3 O-O 14.Rc1 Ne5 15.Ke2 c6
16.f4 Bg4+ 17.Kd2 cxd5 18.fxe5 Nxe4+ 19.Nxe4 dxe4 20.Rc7 Rfd8+ 21.Nd4 Rd7
22.Rhc1 Bd8 23.Rxd7 Bxd7 24.Ne2 Rc8 25.Rxc8 Bxc8 26.Ng3 f5 27.exf6 Bxf6 28.b4 Be5
29.Nxe4 Bxh2 30.g3 Bd7 31.Nc5 Bc6 32.Bf2 h5 33.Ke3 g5 34.Ne4 h4 35.gxh4 Bxe4
36.Kxe4 g4 37.Be3 Bd6 38.Bf4 Be7 39.Bg5 Bd6 40.Bf4  1/2-1/2

[Event "Portuguese Supercup 2012"]
[Site "Mortagua POR"]
[Date "2012.12.08"]
[Round "1.4"]
[White "Cross,D"]
[Black "Guerreiro,N"]
[Result "0-1"]
[WhiteElo "1963"]
[BlackElo "2080"]

1.d4 d5 2.c4 Nc6 3.Nc3 dxc4 4.Nf3 Bg4 5.d5 Bxf3 6.exf3 Ne5 7.Bf4 Ng6 8.Bxc4 Nf6
9.Bg5 Ne5 10.Bb3 a6 11.O-O h6 12.Bh4 Ng6 13.Bxf6 gxf6 14.Ba4+ c6 15.dxc6 b5
16.Nxb5 axb5 17.Bxb5 Qc7 18.Qc2 Bg7 19.b4 O-O 20.Bc4 Ne5 21.b5 f5 22.Rab1 e6
23.Rfd1 Ra3 24.f4 Ng4 25.g3 Rc3 26.Qe2 Qb6 27.Rd2 Bd4 28.Rf1 Qc5 29.Bb3 Rb8
30.h3 Rxg3+ 31.Kh1 Rxh3+ 32.Kg2 Qc3 33.Rh1 Rxh1 34.Kxh1 Qh3+  0-1

[Event "4th Penang Heritage City Open"]
[Site "Penang MAS"]
[Date "2012.12.11"]
[Round "1.24"]
[White "Tang,Wei Kit"]
[Black "Sean,W"]
[Result "0-1"]
[WhiteElo "1676"]
[BlackElo "2190"]

1.d4 d5 2.c4 Nc6 3.Nc3 dxc4 4.e3 e5 5.d5 Nce7 6.Bxc4 Ng6 7.Nge2 Nf6 8.a3 a6
9.b4 Bd6 10.e4 Bd7 11.Bg5 h6 12.Bd2 Qc8 13.f3 b5 14.Bd3 Nh7 15.O-O Ng5 16.Rb1 O-O
17.a4 bxa4 18.Nxa4 f5 19.Nc5 f4 20.Nxd7 Qxd7 21.Ra1 Rf6 22.Qc2 Nh4 23.Be1 Ngxf3+
24.gxf3 Rg6+ 25.Kh1 Rg2 26.Ng1 Rxc2 27.Bxc2 Qe7 28.Ra4 Qg5 29.Rf2 Qe7 30.Bd3 Rb8
31.Rb2 Bc5 32.Bf2 Bxf2 33.Rxf2 Rxb4 34.Rxb4 Qxb4 35.Bxa6 Qb6 36.Ra2 Qb1 37.Rf2 Qb6
38.Ra2 Nxf3 39.Nxf3 Qb1+ 40.Ng1 Qxa2 41.Bd3 Qd2 42.Bb1 Qd1 43.Ba2 Kh7 44.Bc4 f3  0-1

[Event "4th Penang Heritage City Open"]
[Site "Penang MAS"]
[Date "2012.12.14"]
[Round "7.11"]
[White "Chiong,L"]
[Black "Sean,W"]
[Result "1/2-1/2"]
[WhiteElo "2301"]
[BlackElo "2190"]

1.d4 d5 2.c4 Nc6 3.Nc3 dxc4 4.Nf3 Bg4 5.d5 Bxf3 6.gxf3 Ne5 7.Qd4 Ng6 8.Qxc4 Qd7
9.h4 c6 10.Bh3 Qd6 11.h5 Ne5 12.Qb3 Rb8 13.Be3 b5 14.Rd1 Rb7 15.Ne4 Qc7 16.Nc5 Rb6
17.dxc6 e6 18.Nd7 Rxc6 19.Nxf8 Kxf8 20.Qxb5 a6 21.Qb4+ Ne7 22.h6 f6 23.hxg7+ Kxg7
24.Qh4 N5g6 25.Qh6+ Kf7 26.Bg4 Rc2 27.Rd2 Qc4 28.O-O Rxd2 29.Bxd2 Qxa2 30.Bc3 Qc4
31.e3 e5 32.Rd1  1/2-1/2

[Event "ch-CZE KO Blitz 2012"]
[Site "Prague CZE"]
[Date "2012.12.15"]
[Round "1.3"]
[White "Navara,D"]
[Black "Plat,V"]
[Result "1/2-1/2"]
[WhiteElo "2710"]
[BlackElo "2483"]

1.d4 d5 2.c4 Nc6 3.Nf3 Bg4 4.e3 e5 5.dxe5 dxc4 6.Qxd8+ Rxd8 7.Bxc4 Nxe5 8.Be2 Nd3+
9.Bxd3 Rxd3 10.Nc3 Bb4 11.Bd2 Bxf3 12.gxf3 Nf6 13.Ke2 Rd7 14.Rhg1 g6 15.Ne4 Nxe4
16.Bxb4 Nf6 17.Rg5 Nd5 18.Re5+ Kd8 19.Bc5 f6 20.Re4 b6 21.Bd4 c5 22.Bc3 Nxc3+
23.bxc3 Re8 24.h4 Rd5 25.c4 Rxe4 26.fxe4 Rh5 27.Rh1 g5 28.Rd1+ Ke7 29.hxg5 fxg5
30.Rd5 h6 31.Re5+ Kd7 32.Rf5 Ke7 33.Kf3 Rh1 34.Kg4 Rh4+ 35.Kf3 Rh1 36.e5 Rh4
37.Rf6 Rxc4 38.Rxh6 Ra4 39.Kg3 Rxa2 40.f4 Ra3 41.Kf2 gxf4 42.exf4 c4 43.f5 Ra5
44.Re6+ Kf7 45.Ke3 Rc5 46.Kd2 c3+ 47.Kc2 b5 48.Rf6+ Ke7 49.Ra6  1/2-1/2

[Event "ch-CZE Blitz 2012"]
[Site "Prague CZE"]
[Date "2012.12.15"]
[Round "11.1"]
[White "Hracek,Z"]
[Black "Plat,V"]
[Result "0-1"]
[WhiteElo "2615"]
[BlackElo "2483"]

1.d4 d5 2.c4 Nc6 3.cxd5 Qxd5 4.e3 e5 5.Nc3 Bb4 6.Bd2 Bxc3 7.bxc3 Nf6 8.c4 Qd6
9.d5 Ne7 10.Rb1 c5 11.Ne2 O-O 12.Nc3 b6 13.Bd3 a6 14.a4 Rb8 15.O-O Bf5 16.e4 Bg4
17.f3 Bc8 18.f4 Nd7 19.f5 Nf6 20.g4 Ne8 21.g5 f6 22.h4 g6 23.Qg4 Kh8 24.Rf2 h5
25.Qe2 Kg7 26.Rbf1 Bd7 27.Rg2 fxg5 28.Bxg5 Nf6 29.Bxf6+ Qxf6 30.Qxh5 Rh8
31.Qg5 Rbf8 32.fxg6 Qxg5 33.Rxg5 Rxf1+ 34.Bxf1 Rxh4 35.Rxe5 Nxg6 36.Rg5 Kf6
37.Rg3 Ne5 38.Be2 Bg4 39.Bxg4 Nxg4 40.Nd1 Ne5 41.Nf2 Nxc4 42.Ng4+ Kg5 43.Ne5+ Kf4
44.Nxc4 Kxg3 45.Nd2  0-1

[Event "ch-CZE Blitz 2012"]
[Site "Prague CZE"]
[Date "2012.12.15"]
[Round "13.1"]
[White "Polak,T"]
[Black "Plat,V"]
[Result "1-0"]
[WhiteElo "2520"]
[BlackElo "2483"]

1.d4 d5 2.c4 Nc6 3.Nf3 Bg4 4.Bg5 h6 5.Bh4 g5 6.Bg3 Bg7 7.cxd5 Qxd5 8.Nc3 Qa5
9.e3 e5 10.dxe5 Nxe5 11.Be2 Nxf3+ 12.gxf3 Be6 13.Qc2 Ne7 14.O-O c6 15.Ne4 O-O
16.Nc5 Bc8 17.a3 Nf5 18.b4 Qb6 19.Rab1 Nxg3 20.hxg3 Bh3 21.Rfd1 Rad8 22.Kh2 Bc8
23.Bc4 Qc7 24.Bd3 b6 25.Nb3 f5 26.f4 gxf4 27.exf4 Kh8 28.Nd2 Qf7 29.Be2 Be6
30.Nc4 Bd5 31.Nd2 Rfe8 32.Nf1 Be4 33.Qb3 Qxb3 34.Rxb3 Bd5 35.Re3 Bb2 36.a4 Bf7
37.Rxe8+ Rxe8 38.Ne3 Bc3 39.b5 c5 40.Rd7 Bb3 41.Rd3 Be1 42.Rxb3 Bxf2 43.Nxf5 Rxe2
44.Kh3 h5 45.Kh4 Be1 46.Kxh5 c4 47.Re3 Rxe3 48.Nxe3 Bxg3 49.Nxc4 Bxf4 50.Kg4 Bc1
51.Kf5 Kg7 52.Ke6 Kf8 53.Kd7 Bf4 54.Nd6 Be3 55.Nc8 Kf7 56.Nxa7 Kf6 57.Nc8 Ke5
58.Kc6 Ke6 59.Nxb6 Ke7  1-0

[Event "36th Zurich Christmas Open"]
[Site "Zuerich SUI"]
[Date "2012.12.27"]
[Round "3.22"]
[White "Sanikidze,T"]
[Black "Frischmann,Rick"]
[Result "1-0"]
[WhiteElo "2567"]
[BlackElo "2183"]

1.d4 d5 2.c4 Nc6 3.e3 e5 4.cxd5 Qxd5 5.Nc3 Bb4 6.Bd2 Bxc3 7.bxc3 Qd6 8.Bd3 Nge7
9.Ne2 O-O 10.O-O Rb8 11.Qc2 f5 12.Rad1 Be6 13.f3 b5 14.Bc1 Na5 15.e4 Bc4
16.Kh1 Rbd8 17.exf5 Bxd3 18.Qxd3 Nc4 19.g4 Qa6 20.Qe4 Qa4 21.Bg5 Rd7 22.Rb1 Nd6
23.Qxe5 Nf7 24.Qe6 Rd6 25.Qxe7 Nxg5 26.Qxg5  1-0

[Event "Pan-Am Intercollegiate 2012"]
[Site "Princeton USA"]
[Date "2012.12.28"]
[Round "3"]
[White "Sharevich,A"]
[Black "Aleskerov,F"]
[Result "0-1"]
[WhiteElo "2290"]
[BlackElo "2406"]

1.d4 d5 2.c4 Nc6 3.Nf3 e5 4.dxe5 Bb4+ 5.Bd2 dxc4 6.a3 Bc5 7.e3 Bg4 8.Bxc4 Nxe5
9.Qa4+ Bd7 10.Qb3 Nxc4 11.Qxc4 Qe7 12.Bc3 Nf6 13.Nbd2 Be6 14.Bxf6 gxf6 15.Qc3 Bd5
16.b4 Bd6 17.Nc4 Rg8 18.Nxd6+ Qxd6 19.O-O-O Rxg2 20.Nd4 O-O-O 21.Nb5 Qb6
22.e4 Qxb5 23.exd5 Rxf2 24.Rhe1 Rxd5 25.Rxd5 Qxd5 26.Re8+ Kd7 27.Re3 Rf1+
28.Kb2 Qg2+ 29.Kb3 Rb1+ 30.Ka4 Qc6+ 31.Qxc6+ Kxc6 32.Rf3 Kb6 33.Rxf6+ c6
34.Rf5 f6 35.h4 Rh1 36.Rh5 Rh3 37.b5 cxb5+ 38.Rxb5+ Kc6 39.Rh5 Re3 40.Kb4 Re7
41.Kc4 Kd6 42.Kd4 Ke6 43.Ke4 Rc7 44.Ra5 f5+ 45.Kd3 a6 46.Ra4 Ke5 47.Rb4 b5
48.Rb1 Rc4 49.Re1+ Re4 50.Rh1 Ra4 51.Re1+ Kf6 52.Ra1 Rxh4 53.Ke3 Ke5 54.Kf3 Rh3+
55.Kg2 Rh4 56.Re1+ Re4 57.Rc1 Re3 58.a4 bxa4 59.Rc6 Kf4 60.Rxa6 Re2+ 61.Kh3 Ra2
62.Ra5 Ke4 63.Ra7 f4 64.Rxh7 Rb2 65.Re7+ Kf3 66.Ra7 Rb4 67.Kh2 Kf2 68.Kh3 f3
69.Ra8 Kf1 70.Rc8 f2 71.Kh2 Ke2 72.Rc2+ Ke3 73.Rc1 Rf4  0-1

[Event "Groningen Open A"]
[Site "Groningen NED"]
[Date "2012.12.30"]
[Round "9.14"]
[White "Maris,Iv"]
[Black "Plat,V"]
[Result "1-0"]
[WhiteElo "2086"]
[BlackElo "2483"]

1.d4 d5 2.c4 Nc6 3.Nc3 dxc4 4.Nf3 Nf6 5.d5 Na5 6.Qa4+ c6 7.b4 b5 8.Qxa5 Qxa5
9.bxa5 b4 10.Nd1 cxd5 11.g3 e6 12.Bg2 Rb8 13.Nd4 Bc5 14.Nc6 Rb5 15.Rb1 Bd7
16.a4 Rb7 17.Ne5 Rc7 18.Bf4 Rc8 19.Nxd7 Kxd7 20.Ne3 b3 21.O-O Bd6 22.Rfc1 Bxf4
23.gxf4 Kd6 24.Nd1 Rc5 25.Nb2 Nd7 26.e4 Rhc8 27.Rc3 f5 28.exd5 exd5 29.Rd1 Nf6
30.Kf1 Ke6 31.Ke2 Kd6 32.h3 R5c7 33.Rd2 Re8+ 34.Kd1 Ne4 35.Rxc4 Nxd2 36.Rxc7 Kxc7
37.Kxd2 Kd6 38.Bf3 Re6 39.Nd3 Rh6 40.Bg2 Rg6 41.Bf3 Rh6 42.Bg2 d4 43.Kc1 Kc7
44.Kb2 Ra6 45.Kxb3 Rxa5 46.Nb4 Kb6 47.Nc6 Ra6 48.Nxd4 Kc5 49.Bf1 Rd6 50.Nxf5 Rd1
51.Ng3 Rd4 52.Nh5 g6 53.Ng7 Re4 54.f5 gxf5 55.Bd3 Rb4+ 56.Ka3 a5 57.Bxf5 Kd4
58.Bxh7 Rb7 59.Ne6+ Kc3 60.Ng5 Rb3+ 61.Ka2 Rb2+ 62.Ka1 Rb4 63.Ne4+ Kd4 64.h4 Rb3
65.h5 Rh3 66.Bg6 Kc4 67.Kb2 Kb4 68.Be8 Rh4 69.f3 Rf4 70.Ng5 Rf5 71.f4 Rxf4
72.h6 Rh4 73.h7 Rh2+ 74.Kc1 Kc3 75.Kd1 Kd3 76.Bg6+ Kc3 77.Nf7 Rh1+ 78.Ke2 Rh2+
79.Ke3 Rh3+ 80.Ke4 Kb3 81.h8=Q Rxh8 82.Nxh8 Kxa4 83.Kd3 Kb3 84.Kd2 a4 85.Bc2+ Kb4
86.Kc1 a3 87.Kb1 Kc3 88.Bg6 a2+ 89.Kxa2 Kc4 90.Nf7 Kd4 91.Kb3 Kd5 92.Bf5 Kc5
93.Kc3 Kd5 94.Kd3 Kc5 95.Be6 Kb5 96.Kd4 Ka4 97.Kc4 Ka3 98.Kc3 Ka4 99.Nd6 Ka3
100.Bd5 Ka4 101.Bb3+ Ka5 102.Kc4 Kb6 103.Kd5 Kc7 104.Ba4 Kb6 105.Nc4+ Kc7
106.Ke6 Kd8 107.Kd6 Kc8 108.Bc6 Kd8 109.Na5 Kc8 110.Bd7+ Kb8 111.Kc6 Ka7
112.Kb5 Kb8 113.Kb6 Ka8 114.Nb3 Kb8 115.Nc5  1-0

[Event "XLII Rilton Cup"]
[Site "Stockholm SWE"]
[Date "2013.01.05"]
[Round "9.32"]
[White "Norlin,Egor"]
[Black "Azizi,H"]
[Result "1/2-1/2"]
[WhiteElo "2112"]
[BlackElo "2174"]

1.d4 d5 2.c4 Nc6 3.cxd5 Qxd5 4.e3 e5 5.Nc3 Bb4 6.Bd2 Bxc3 7.Bxc3 exd4 8.Ne2 Nge7
9.Nxd4 O-O 10.Qf3 Nxd4  1/2-1/2

[Event "11th Parsvnath Open"]
[Site "New Delhi IND"]
[Date "2013.01.07"]
[Round "4.15"]
[White "Swapnil,SD"]
[Black "Kiran,M"]
[Result "1-0"]
[WhiteElo "2474"]
[BlackElo "2179"]

1.d4 d5 2.c4 Nc6 3.Nf3 Bg4 4.Nc3 Nf6 5.Ne5 Nxe5 6.dxe5 d4 7.Na4 Ng8 8.Nc5 c6
9.Nd3 e6 10.Qb3 Qc7 11.e3 dxe3 12.Bxe3 Ne7 13.h3 Bh5 14.g4 Bg6 15.O-O-O b6
16.Bg2 h5 17.Nb4 f6 18.Rd6 Rc8 19.Rxe6 fxe5 20.Bxc6+ Kf7 21.c5  1-0

[Event "VII Magistral da Hebraica"]
[Site "Sao Paulo BRA"]
[Date "2013.01.10"]
[Round "6.3"]
[White "D'Israel,D"]
[Black "Terao,R"]
[Result "0-1"]
[WhiteElo "2199"]
[BlackElo "2407"]

1.d4 d5 2.c4 Nc6 3.Bf4 e6 4.Nf3 Bd6 5.Bg3 Nf6 6.Nc3 O-O 7.e3 a6 8.Ne5 Ne7
9.Bd3 dxc4 10.Nxc4 b5 11.Nxd6 cxd6 12.Ne4 Nxe4 13.Bxe4 Rb8 14.O-O Bb7 15.Bd3 Qb6
16.Qh5 g6 17.Qh6 f6 18.Rad1 Rbd8 19.f3 Rf7 20.Bf2 Qa5 21.Bb1 Qb4 22.b3 Nf5
23.Qh3 Ng7 24.Rc1 Qa5 25.Qh4 Rc8 26.Rxc8+ Bxc8 27.Qf4 Qd8 28.e4 e5 29.Qd2 Rd7
30.d5 Nh5 31.g3 Rf7 32.Bd3 f5 33.Rc1 fxe4 34.fxe4 Bd7 35.Kg2 Bg4 36.h3 Bf3+
37.Kh2 Nf6 38.Re1 h5 39.Re3 Nh7 40.Re1 Ng5 41.h4 Nh7 42.Kg1 Qd7 43.Bf1 Qg4
44.Bg2 g5 45.Bxf3 Rxf3 46.Re3 gxh4 47.Rxf3 Qxf3 48.Qh6 hxg3 49.Qg6+ Kh8 50.Bxg3 Qg4
51.Qxg4 hxg4 52.Bh4 Kg7 53.Be7 Nf6 54.Bxd6 Nxe4 55.Bxe5+ Kg6 56.Kg2 Kf5 57.Bg7 b4
58.Bf8 a5 59.a3 bxa3 60.Bxa3 Ke5 61.Be7 Nd2 62.d6 Ke6 63.Bd8 Nxb3 64.Bxa5 Nxa5
65.d7 Nc6 66.Kg3 Kf5 67.Kg2 Kf4 68.Kf2 g3+ 69.Kg2 Kg4 70.Kg1 Kf3 71.Kf1 g2+  0-1

[Event "38th Seville Open"]
[Site "Seville ESP"]
[Date "2013.01.12"]
[Round "2.10"]
[White "Morales Barrera,R"]
[Black "Fernandez Romero,Ern"]
[Result "0-1"]
[WhiteElo "2108"]
[BlackElo "2480"]

1.d4 d5 2.c4 Nc6 3.cxd5 Qxd5 4.e3 e5 5.Nc3 Bb4 6.Bd2 Bxc3 7.bxc3 Nf6 8.f3 e4
9.Qb3 Qd6 10.Qb1 Bf5 11.Qb5 Bg6 12.Be2 a6 13.Qb2 O-O 14.Nh3 Rfe8 15.f4 Bf5
16.Nf2 b5 17.a4 b4 18.cxb4 Nxd4 19.Bc3 Nxe2 20.Bxf6 Nxf4 21.O-O Qxf6 22.Qxf6 Ne2+  0-1

[Event "38th Seville Open"]
[Site "Seville ESP"]
[Date "2013.01.12"]
[Round "2.6"]
[White "Morales Araujo,F"]
[Black "Perez Mitjans,O"]
[Result "0-1"]
[WhiteElo "2112"]
[BlackElo "2496"]

1.d4 d5 2.c4 Nc6 3.Nc3 dxc4 4.Nf3 a6 5.d5 Na7 6.a4 e6 7.e4 Nf6 8.Bxc4 Be7
9.Bg5 exd5 10.exd5 Bg4 11.O-O O-O 12.Re1 Nc8 13.Qd3 h6 14.Bf4 Bxf3 15.Qxf3 Nb6
16.Bb3 Bd6 17.Rad1 Nbd7 18.Bc2 Re8 19.Bxd6 cxd6 20.Ne4 Qb6 21.b3 Nxe4 22.Bxe4 Nf6
23.Bf5 Qb4 24.Kf1 a5 25.Bd3 Rac8 26.Bc4 Nd7 27.Rxe8+ Rxe8 28.Bb5 Ne5 29.Qe3 Rc8
30.Re1 Rc2 31.f4 Rc3 32.Qxc3 Qxc3 33.fxe5 Qc7 34.e6 Qe7 35.Bc4 h5 36.Kg1 g5
37.Rf1 fxe6 38.dxe6 d5 39.Bxd5 Qc5+ 40.Rf2 Qxd5 41.e7 Qd1+ 42.Rf1 Qd4+ 43.Rf2 Qe3  0-1

[Event "Paul Keres Mem Prelim"]
[Site "Tallinn EST"]
[Date "2013.01.12"]
[Round "7.6"]
[White "Purtseladze,M"]
[Black "Fomina,T"]
[Result "1-0"]
[WhiteElo "2313"]
[BlackElo "2219"]

1.d4 d5 2.c4 Nc6 3.Nc3 dxc4 4.d5 Ne5 5.f4 Ng6 6.e4 e6 7.dxe6 fxe6 8.Qxd8+ Kxd8
9.Bxc4 c6 10.Nf3 Bd6 11.e5 Bb4 12.O-O Nh6 13.Ne4 Nf5 14.g4 Nfe7 15.Nfg5 Nd5
16.Nf7+ Ke7 17.Nxh8 Nxh8 18.a3 Ba5 19.Nd6 Nf7 20.Nxf7 Kxf7 21.b4 Bb6+ 22.Kg2 g6
23.Bxd5 cxd5 24.Bb2 Bd7 25.Rfd1 a5 26.bxa5 Rxa5 27.Bd4 Bd8 28.Rab1 Bc6 29.Rd3 Be7
30.Rbb3 Ra4 31.Kf3 Rc4 32.Rbc3 Ra4 33.Ke3 Bb5 34.Rd1 Bc4 35.Ra1 b5 36.Kd2 b4
37.Rh3 Kg8 38.f5 bxa3 39.f6 Bb4+ 40.Bc3 a2 41.Bxb4 Rxb4 42.Ra3 Rb1 43.R1xa2 Bxa2
44.Rxa2 Rg1 45.Ra8+ Kf7 46.h3 h5 47.gxh5 gxh5 48.Ra7+ Kf8 49.Re7 Rg3 50.Rxe6 Rxh3
51.Rd6 Rf3 52.Ke2 Rf5 53.Rxd5 h4 54.Ke3 h3 55.Ke4 Rf1 56.Rd2 Kf7 57.Kd5 Rf5
58.Kd6 Rh5 59.Rf2 h2 60.e6+ Kg6 61.e7 Rd5+ 62.Kc7 Re5 63.Rxh2 Kxf6 64.Kd8 Rd5+
65.Ke8 Ra5 66.Rf2+ Ke6 67.Kf8  1-0

[Event "Prague Open A 2013"]
[Site "Prague CZE"]
[Date "2013.01.14"]
[Round "7.2"]
[White "Atalik,E"]
[Black "Biolek,R1"]
[Result "0-1"]
[WhiteElo "2461"]
[BlackElo "2399"]

1.d4 d5 2.c4 Nc6 3.Nc3 Nf6 4.cxd5 Nxd5 5.Nf3 Bg4 6.e4 Bxf3 7.gxf3 Nxc3 8.bxc3 e5
9.d5 Nb8 10.Qb3 b6 11.Bb5+ Nd7 12.Bc6 Rc8 13.Rg1 h6 14.Qa4 g5 15.Qxa7 Bd6
16.Qa6 Ke7 17.Qf1 Nc5 18.Be3 Rb8 19.h4 gxh4 20.Qh3 Kf8 21.Qf5 Be7 22.Rg6 Qc8
23.Qxc8+ Rxc8 24.Bxh6+ Rxh6 25.Rxh6 Kg7 26.Rh5 Kg6 27.Rf5 Bg5 28.Ke2 f6 29.Rg1 h3
30.Rfxg5+ fxg5 31.Rh1 Rh8 32.Rh2 g4 33.fxg4 Nxe4 34.Kd3 Nf6 35.Ke2 Nxg4 36.Rh1 h2
37.Kf3 Kg5 38.Kg3 Nf6 39.f3 Nh5+ 40.Kf2 Nf4 41.c4 Kf6 42.Ke3 Ke7 43.c5 bxc5
44.a4 Kd6 45.a5 Nxd5+ 46.Bxd5 Kxd5 47.a6 Kc6 48.Ke4 Rh5 49.a7 Kb7 50.Kd5 Kxa7
51.Kc6 Kb8  0-1

[Event "5th Chennai Open 2013"]
[Site "Chennai IND"]
[Date "2013.01.18"]
[Round "6"]
[White "Narayanan,SL"]
[Black "Deshmukh,A"]
[Result "1-0"]
[WhiteElo "2397"]
[BlackElo "2246"]

1.d4 d5 2.c4 Nc6 3.Nc3 e6 4.Nf3 Bb4 5.e3 Nf6 6.Bd3 O-O 7.O-O dxc4 8.Bxc4 a6
9.Qe2 Bd6 10.Rd1 b5 11.Bb3 b4 12.Na4 Qe7 13.e4 e5 14.d5 Nd8 15.Nd2 Ne8 16.Nc4 f5
17.exf5 Bxf5 18.Be3 Qh4 19.Nxd6 cxd6 20.f3 Nf7 21.Qe1 Qh5 22.Qxb4 e4 23.fxe4 Bg6
24.Rf1 Nf6 25.Nc3 Rab8 26.Qd4 Ne5 27.Bf4 Nfd7 28.Qe3 Bf7 29.Qg3 Rfe8 30.Ba4 Rxb2
31.Bxd7 Nxd7 32.Bxd6 Bg6 33.Rae1 Rc2 34.e5 Nb6 35.Bc7 Na4 36.Nxa4 Rxc7 37.d6 Rc4
38.Qb3 Qg4 39.Nb6 Qd4+ 40.Kh1 Bf7 41.Rxf7  1-0

[Event "Imperial College Open"]
[Site "London ENG"]
[Date "2013.02.01"]
[Round "1"]
[White "Stanisz,P"]
[Black "Hayward,A"]
[Result "0-1"]
[WhiteElo "2189"]
[BlackElo "1925"]

1.d4 d5 2.c4 Nc6 3.cxd5 Qxd5 4.Nf3 Bg4 5.Nc3 Qa5 6.e3 O-O-O 7.Bd2 Nf6 8.Nb5 Qb6
9.a4 a5 10.Na3 e5 11.Nc4 Qa7 12.h3 Bxf3 13.Qxf3 exd4 14.O-O-O Bb4 15.Bxb4 axb4
16.b3 dxe3 17.fxe3 Rxd1+ 18.Kxd1 Rd8+ 19.Kc2 Kb8 20.g4 Qd4 21.Kb1 Qc3 22.Nb2 Rd2  0-1

[Event "TCh-CAT Div Hon 2013"]
[Site "Catalonia ESP"]
[Date "2013.02.02"]
[Round "3.9"]
[White "Gutierrez Clares,J"]
[Black "Ibanez Terradellas,E"]
[Result "0-1"]
[WhiteElo "2255"]
[BlackElo "2316"]

1.d4 d5 2.c4 Nc6 3.e3 e5 4.dxe5 d4 5.a3 a5 6.Nf3 Bc5 7.exd4 Bxd4 8.Be2 Nge7
9.O-O Be6 10.Qa4 O-O 11.Rd1 Qe8 12.Qb5 Rd8 13.Bg5 h6 14.Bxe7 Qxe7 15.Nc3 Bxc3
16.bxc3 Bc8 17.Rd5 Rfe8 18.Bf1 Rxd5 19.cxd5 Nxe5 20.Nxe5 Qxe5 21.Qxa5 c6
22.Rd1 Bg4 23.Rb1 cxd5 24.Rxb7 Rc8 25.c4 Qa1 26.Rc7 Rb8 27.Re7 Rb1 28.Re8+ Kh7
29.h3 Rxf1+ 30.Kh2 Be6 31.Qd2 Qe5+ 32.f4 Rxf4 33.Qxd5 Qxd5 34.cxd5 Bxd5 35.Re5 Rd4
36.g4 Kg6 37.Re3 Kf6 38.Kg3 g5 39.Kf2 Rf4+ 40.Ke2 Re4  0-1

[Event "ch-ROU w 2013"]
[Site "Baile Olanesti ROU"]
[Date "2013.02.23"]
[Round "8.14"]
[White "Banciu,Bianca-Gabriela"]
[Black "Prunariu,Ana-Maria"]
[Result "1-0"]
[WhiteElo "1591"]
[BlackElo "1769"]

1.d4 d5 2.c4 Nc6 3.e3 Bf5 4.cxd5 Qxd5 5.Nc3 Qd8 6.Nf3 e6 7.Bb5 Ne7 8.e4 Bg4
9.d5 exd5 10.exd5 a6 11.dxc6 Qxd1+ 12.Kxd1 axb5 13.Nxb5 Bxf3+ 14.gxf3 Rd8+
15.Ke2 Nd5 16.cxb7 Bc5 17.Rd1 c6 18.Nc7+ Ke7 19.Nxd5+ Rxd5 20.Rxd5 cxd5 21.Bf4 Bd6
22.Bxd6+ Kxd6 23.a4 Kc7 24.a5 Kxb7 25.b4 Ka6 26.Kd3 Rc8 27.Kd2 Kb5 28.Rc1 Ra8
29.Kc3 Rc8+ 30.Kb2 Rd8 31.Kb3 Rd6 32.Rc5+ Ka6 33.Ka4 d4 34.b5+ Kb7 35.b6 Rd7
36.Kb5 d3 37.a6+ Kb8 38.a7+ Kb7 39.Rc7+ Rxc7 40.bxc7  1-0

[Event "TCh-SWE Elite 2012-13"]
[Site "Sweden SWE"]
[Date "2013.02.23"]
[Round "6"]
[White "Lindberg,Bo"]
[Black "Brustkern,J"]
[Result "1-0"]
[WhiteElo "2403"]
[BlackElo "2237"]

1.d4 d5 2.c4 Nc6 3.Nf3 Bg4 4.Nc3 e6 5.Bf4 Bd6 6.Ne5 Bxe5 7.Bxe5 f6 8.Bg3 Nge7
9.f3 Bh5 10.e3 O-O 11.Be2 Kh8 12.O-O dxc4 13.Bxc4 e5 14.dxe5 Nxe5 15.Bxe5 fxe5
16.Qb3 Nf5 17.Ne4 Bg6 18.Rf2 b6 19.Rd1 Qe7 20.Rfd2 Rad8 21.Qc3 a5 22.a3 h6
23.Bb5 Rxd2 24.Rxd2 Rd8 25.Rxd8+ Qxd8 26.Nf2 Qg5 27.Qxe5 Qxe3 28.Qxc7 Qe1+
29.Bf1 Ne3 30.Qc8+ Kh7 31.Qa6 Qc1 32.a4 Qxb2 33.Qb5 Qd4 34.Qb3 Nxf1 35.Kxf1 Qb4
36.Qxb4 axb4 37.Ke2 Bc2 38.Nd3 Bxa4 39.Nxb4 Bb3 40.Kd3 b5 41.Kd4 g5 42.Kc5 Bc4
43.Nc6 Kg7 44.Nd4 Bf1 45.g3 Kf6 46.Nxb5 Ke5 47.Nd4 Bg2 48.Kc4 Bf1+ 49.Kc3 Ba6
50.Nc6+ Kd6 51.Nd4 Ke5 52.Nc2 Bb7 53.Ne1 h5 54.Kd3 h4 55.gxh4 gxh4 56.Ke3 Kf5
57.Ng2 Kg5 58.Nf4 Kf5 59.Ne2 Kg5 60.Nd4 Bd5 61.Nb5 Bc6 62.Nd6 Bd7 63.Ne4+ Kf5
64.Nf2 Bb5 65.Ne4 Ba6 66.Nd6+ Ke6 67.Ne4 Kf5 68.Nc3 Bc4 69.Nd1 Ba6 70.Kf2 Bb7
71.Ne3+ Kf4 72.Ng2+ Kg5 73.Ne1 Kf4 74.Kg2 Bc8 75.Nd3+ Ke3 76.Ne5 Kf4 77.Nc6 Bd7
78.Nb4 Be6 79.Nd3+ Ke3 80.Nb4 Ke2 81.Nc2 Kd3 82.Nb4+ Ke3 83.Nc2+ Kd3 84.Nb4+ Ke3
85.Nc6 Bd5 86.Ne5 Kf4 87.Ng6+ Kg5 88.Ne5 Kf4 89.Nd3+ Ke3 90.Ne1 Be6 91.Nc2+ Kd3
92.Nb4+ Ke3 93.Nc6 Bd5 94.Ne7 Bxf3+ 95.Kh3 Kf4 96.Kxh4 Be4 97.Kh5 Bf3+ 98.Kh4 Be4
99.Nc8 Bf5 100.Nd6 Bd3 101.Nf7 Bf5 102.Kh5 Be6 103.Ng5 Bd7 104.Nh7 Be8+ 105.Kh4 Bg6
106.Nf6 Bf5 107.Kh5 Be6 108.Kg6 Bf5+ 109.Kh5 Bh3 110.Kh4 Bg2 111.Ng4 Bf1
112.Nf6 Kf5 113.Nd5 Be2 114.Ne3+ Kf4 115.Nc2 Bd1 116.Nd4 Ke5 117.Nc6+ Kf4
118.Ne7 Bf3 119.Ng8 Be2 120.Nf6 Kf5 121.Nd5 Bf3 122.Nc7 Bc6 123.Kh5 Be8+
124.Nxe8  1-0

[Event "TCh-CZE Div1 Zapad 2012-13"]
[Site "Czech Republic CZE"]
[Date "2013.02.24"]
[Round "8.8"]
[White "Bartos,J"]
[Black "Novotny,Viktor"]
[Result "1-0"]
[WhiteElo "2191"]
[BlackElo "2149"]

1.d4 d5 2.c4 Nc6 3.Nc3 dxc4 4.Nf3 Bg4 5.d5 Na5 6.Qa4+ c6 7.b4 b5 8.Nxb5 cxb5
9.Qxb5+ Bd7 10.Qxa5 Qxa5 11.bxa5 Nf6 12.e4 Nxe4 13.Bxc4 Rc8 14.Bb3 g5 15.Bb2 Rg8
16.O-O g4 17.Ne5 Bg7 18.Rac1 Nc5 19.Bd4 Bxe5 20.Bxc5 Bf4 21.Be3 Bxe3 22.fxe3 g3
23.Rxc8+ Bxc8 24.Ba4+ Bd7 25.Rb1 gxh2+ 26.Kxh2 Kd8 27.Rb7 Bf5 28.Rxa7 Rg5
29.a6 Be4 30.Rd7+ Kc8 31.a7  1-0

[Event "Zagreb Open A 2013"]
[Site "Zagreb CRO"]
[Date "2013.03.02"]
[Round "7.16"]
[White "Loncar,R"]
[Black "Ivekovic,Bo2"]
[Result "1-0"]
[WhiteElo "2405"]
[BlackElo "2174"]

1.d4 d5 2.c4 Nc6 3.Nf3 e5 4.dxe5 d4 5.g3 Bb4+ 6.Bd2 Bc5 7.Bg2 f6 8.O-O Nxe5
9.Bc1 Bb6 10.Nbd2 Ne7 11.Nxe5 fxe5 12.Ne4 c6 13.e3 O-O 14.c5 Bc7 15.exd4 exd4
16.Bg5 h6 17.Bxe7 Qxe7 18.Qxd4 Be6 19.Rfe1 Rad8 20.Qa4 Qf7 21.Qxa7 Bd5 22.Qa4 Bxe4
23.Qxe4 Qxf2+ 24.Kh1 Qxc5 25.Qe6+ Kh8 26.Re2 Bb6 27.Rae1 Ba5 28.Re4 Qb6 29.Rb1 Bc3
30.Re2 Bd4 31.Qg6 Kg8 32.Be4 Rf6 33.Qh7+ Kf7 34.Bc2 Qb5 35.Bb3+ Rd5 36.Rbe1 Bc5
37.Qe4 Bf8 38.Bxd5+ cxd5 39.Qe8+ Qxe8 40.Rxe8 Bb4 41.R1e2 Bc5 42.R8e5 Rd6
43.Rd2  1-0

[Event "79th ch-BRA 2013"]
[Site "Montenegro BRA"]
[Date "2013.03.05"]
[Round "10.3"]
[White "Gotz,K"]
[Black "Santiago,Y"]
[Result "0-1"]
[WhiteElo "2081"]
[BlackElo "2405"]

1.d4 d5 2.c4 Nc6 3.Nc3 Nf6 4.Nf3 Bg4 5.Bg5 Ne4 6.cxd5 Nxc3 7.bxc3 Qxd5 8.Qb3 Bxf3
9.gxf3 Qa5 10.Bd2 O-O-O 11.Qxf7 e5 12.Qe6+ Kb8 13.Rb1 Qa4 14.Bg2 exd4 15.O-O Bc5
16.f4 Rd6 17.Qe4 Bb6 18.Rfc1 Qxa2 19.Be1 Re6 20.Qf5 g6 21.Qh3 dxc3 22.Qxc3 Rhe8
23.e4 Nd4 24.Rb2 Ne2+ 25.Rxe2 Qxe2 26.e5 g5 27.Rc2 Qg4 28.Kf1 Qxf4 29.Re2 Rxe5
30.Rxe5 Qxe5 31.Qb4 Qe2+  0-1

[Event "Jersey Masters 2013"]
[Site "St Clement Bay JCI"]
[Date "2013.03.07"]
[Round "3"]
[White "Orishko,Yaroslav"]
[Black "Lyell,M"]
[Result "0-1"]
[WhiteElo "2145"]
[BlackElo "2227"]

1.d4 d5 2.c4 Nc6 3.Nf3 e5 4.e3 Bg4 5.Be2 dxc4 6.Nxe5 Nxe5 7.Bxg4 Nd3+ 8.Kf1 Qh4
9.g3 Qf6 10.f4 Nh6 11.Bf3 O-O-O 12.Nd2 Qe6 13.Ne4 Be7 14.b3 f5 15.Nf2 Nxf2
16.Kxf2 cxb3 17.axb3 Kb8 18.Re1 Bf6 19.h3 Nf7 20.Ba3 Nd6 21.Bc5 a6 22.Bxd6 Rxd6
23.Qd3 Rb6 24.Reb1 Re8 25.Ra5 g6 26.Rc5 Be7 27.Re5 Qd7 28.e4 Rd6 29.Rd1 Rd8
30.exf5 Bf6 31.Qe4 c6 32.fxg6 hxg6 33.Bg4 Qc7 34.Kf3 Bxe5 35.fxe5 Rd5 36.e6 Qg7
37.Ke3 Ka7 38.Qf4 c5 39.Qf7 cxd4+ 40.Kd3 Qe5 41.Qf4 Qe3+ 42.Qxe3 dxe3+ 43.Kc2 Rc5+
44.Kb2 Rxd1 45.Bxd1 Re5 46.Be2 Rxe6 47.Kc3 b5 48.Kd3 a5 49.h4 a4 50.bxa4 bxa4
51.Kc3 a3 52.Kb3 Rf6 53.Kxa3 Rf2 54.h5 Rxe2 55.hxg6 Rc2  0-1

[Event "29th ChessOrg Open"]
[Site "Bad Woerishofen GER"]
[Date "2013.03.09"]
[Round "9.47"]
[White "Kuempers,U"]
[Black "Margraf,C"]
[Result "1-0"]
[WhiteElo "2059"]
[BlackElo "1931"]

1.d4 d5 2.c4 Nc6 3.Nc3 Nf6 4.cxd5 Nxd5 5.e4 Nxc3 6.bxc3 e5 7.d5 Na5 8.Nf3 Bg4
9.Qa4+ c6 10.Nxe5 b5 11.Bxb5 cxb5 12.Qxb5+ Bd7 13.Nxd7  1-0

[Event "29th ChessOrg Open"]
[Site "Bad Woerishofen GER"]
[Date "2013.03.09"]
[Round "9.56"]
[White "Hipp,H"]
[Black "Redemann,D"]
[Result "1-0"]
[WhiteElo "2022"]
[BlackElo "1853"]

1.d4 d5 2.c4 Nc6 3.cxd5 Qxd5 4.Nf3 e5 5.Nc3 Bb4 6.Bd2 Bxc3 7.Bxc3 e4 8.Nd2 f5
9.e3 Nf6 10.Bc4 Qd6 11.Qb3 Ne7 12.Bf7+ Kd8 13.Nc4 Qa6 14.Ne5 b5 15.O-O Qa4
16.Qxa4 bxa4 17.Bc4 Rf8 18.Bb4 Bd7 19.Rfd1 Rb8 20.Ba3 Re8 21.d5 Ng6 22.Nc6+  1-0

[Event "Karpos Open 2013"]
[Site "Skopje MKD"]
[Date "2013.03.14"]
[Round "7.44"]
[White "Jacimovic,D"]
[Black "Ashiku,F"]
[Result "1/2-1/2"]
[WhiteElo "2433"]
[BlackElo "2202"]

1.d4 d5 2.c4 Nc6 3.e3 Nf6 4.Nc3 g6 5.Nf3 Bg7 6.Qb3 e6 7.cxd5 exd5 8.Bb5 O-O
9.Bxc6 bxc6 10.O-O Ne4 11.Re1 Bg4 12.Nxe4 dxe4 13.Nd2 Qh4 14.Qc2 Rae8 15.Nf1  1/2-1/2